[Event "Warsaw YMCA Spring-C 215th"]
[Site "Warsaw"]
[Date "2019.04.17"]
[Round "2"]
[White "Szumigaj, Marcin"]
[Black "Muck, Piotr"]
[Result "0-1"]
[WhiteElo "1407"]
[BlackElo "1477"]
[PlyCount "108"]
[EventDate "2019.04.10"]
[EventType "tourn"]
[EventRounds "11"]
[EventCountry "POL"]
[SourceTitle "CBM 195 Extra"]
[Source "ChessBase"]
[SourceDate "2020.05.31"]
[SourceVersion "1"]
[SourceVersionDate "2020.05.31"]
[SourceQuality "1"]

1. e4 c5 2. Nf3 d6 3. d4 cxd4 4. Nxd4 Nf6 5. f3 a6 6. c4 e6 7. Nc3 Be7 8. Be2 Nbd7 9. Be3 Qc7 10. 0-0 0-0 11. Qd2 b6 12. Rfd1 Bb7 13. Rac1 Rac8 14. Bf1 Rfd8 15. Qf2 Qb8 16. Nc2 Bc6 17. Nb4 Qb7 18. Nxc6 Rxc6 19. b4 Ne5 20. b5 axb5 21. cxb5 Rcc8 22. Bxb6 Neg4 23. fxg4 Nxg4 24. Bxd8 Nxf2 25. Kxf2 Rxd8 26. g3 Bf6 27. Bd3 Bxc3 28. Rxc3 Qa7+ 29. Ke2 Qxa2+ 30. Rd2 Qa5 31. Rdc2 d5 32. e5 g6 33. Rc6 Rb8 34. Ra6 Qb4 35. Rca2 Rxb5 36. Bxb5 Qxb5+ 37. Kf2 Qc5+ 38. Ke2 Qd4 39. R6a4 Qxe5+ 40. Kf3 Kg7 41. R2a3 h5 42. Re3 Qc7 43. Rea3 g5 44. Ra7 Qc2 45. Ra2 Qe4+ 46. Kf2 Kg6 47. R7a4 Qf5+ 48. Kg2 e5 49. Ra6+ Kg7 50. Rf2 Qe4+ 51. Kg1 d4 52. Raf6 Qd5 53. R6f5 d3 54. Rxg5+ Kf8 0-1

[Event "Warsaw YMCA Winter-C 211st"]
[Site "Warsaw"]
[Date "2019.02.27"]
[Round "9"]
[White "Jaroszuk, Marcin"]
[Black "Muck, Piotr"]
[Result "0-1"]
[WhiteElo "1400"]
[BlackElo "1482"]
[PlyCount "56"]
[EventDate "2019.01.09"]
[EventType "tourn"]
[EventRounds "13"]
[EventCountry "POL"]
[SourceTitle "EXT 2021"]
[Source "ChessBase"]
[SourceDate "2020.10.23"]
[SourceVersion "1"]
[SourceVersionDate "2020.10.23"]
[SourceQuality "1"]

1. d4 Nf6 2. Nf3 g6 3. g3 Bg7 4. Bg2 0-0 5. 0-0 d6 6. c4 c6 7. Nc3 Nbd7 8. e4 e5 9. h3 a6 10. Be3 exd4 11. Nxd4 Ne5 12. b3 Qc7 13. Qd2 Re8 14. Bh6 c5 15. Bxg7 Kxg7 16. Nde2 Bxh3 17. f4 Bxg2 18. fxe5 Nxe4 19. Nxe4 Bxe4 20. exd6 Qd7 21. Qb2+ Kg8 22. Qf6 Re6 23. Qf4 Bd3 24. Nc3 Bxf1 25. Rxf1 Rxd6 26. Nd5 Rxd5 27. cxd5 Qxd5 28. Qc7 Re8 0-1

[Event "Warsaw YMCA Winter-C 211st"]
[Site "Warsaw"]
[Date "2019.02.20"]
[Round "8"]
[White "Muck, Piotr"]
[Black "Wyczesany, Dariusz"]
[Result "0-1"]
[WhiteElo "1482"]
[BlackElo "1428"]
[PlyCount "82"]
[EventDate "2019.01.09"]
[EventType "tourn"]
[EventRounds "13"]
[EventCountry "POL"]
[SourceTitle "EXT 2021"]
[Source "ChessBase"]
[SourceDate "2020.10.23"]
[SourceVersion "1"]
[SourceVersionDate "2020.10.23"]
[SourceQuality "1"]

1. d4 d6 2. e4 Nd7 3. Nf3 e5 4. d5 a5 5. c4 Nc5 6. Nc3 g6 7. Bg5 f6 8. Be3 Nh6 9. h3 Bg7 10. Be2 0-0 11. 0-0 b6 12. a3 Bd7 13. b4 Nb7 14. Qb3 Qc8 15. Rac1 f5 16. Bxh6 Bxh6 17. Rc2 Qe8 18. Nb5 fxe4 19. Nxc7 Qe7 20. Nxa8 exf3 21. Bxf3 Rxa8 22. c5 axb4 23. axb4 Ba4 24. Qa2 bxc5 25. bxc5 Qe8 26. Ra1 Bf8 27. c6 Nc5 28. Bg4 Bxc6 29. Qb2 Rxa1+ 30. Qxa1 Bxd5 31. Qa7 Qa8 32. Ra2 Qc6 33. Rc2 h5 34. Be2 Bxg2 35. f4 Be4 36. Rb2 exf4 37. Rb6 Qa4 38. Qb8 Qa1+ 39. Kf2 Qd4+ 40. Kf1 Nd7 41. Rb4 Qa1+ 0-1

[Event "Warsaw YMCA Winter-C 211st"]
[Site "Warsaw"]
[Date "2019.02.07"]
[Round "7"]
[White "Muck, Piotr"]
[Black "Okurowski, Michal"]
[Result "1-0"]
[WhiteElo "1482"]
[BlackElo "1558"]
[PlyCount "35"]
[EventDate "2019.01.09"]
[EventType "tourn"]
[EventRounds "13"]
[EventCountry "POL"]
[SourceTitle "EXT 2021"]
[Source "ChessBase"]
[SourceDate "2020.10.23"]
[SourceVersion "1"]
[SourceVersionDate "2020.10.23"]
[SourceQuality "1"]

1. d4 Nf6 2. Nf3 g6 3. c4 Bg7 4. Nc3 d6 5. e4 Nc6 6. d5 Ne5 7. Nxe5 dxe5 8. Be2 0-0 9. 0-0 Ne8 10. Be3 b6 11. Rc1 Bb7 12. c5 bxc5 13. Bxc5 Nd6 14. f3 c6 15. Qb3 Rb8 16. Bxa7 Ra8 17. Be3 Qa5 18. Bb6 1-0

[Event "Warsaw-chB 67th"]
[Site "Warsaw"]
[Date "2018.11.17"]
[Round "6"]
[White "Muck, Piotr"]
[Black "Skladzien, Romuald"]
[Result "1-0"]
[WhiteElo "1457"]
[BlackElo "1780"]
[PlyCount "107"]
[EventDate "2018.11.12"]
[EventType "swiss"]
[EventRounds "9"]
[EventCountry "POL"]
[SourceTitle "EXT 2020"]
[Source "ChessBase"]
[SourceDate "2019.10.17"]
[SourceVersion "1"]
[SourceVersionDate "2019.10.17"]
[SourceQuality "1"]

1. d4 d5 2. Nf3 Nf6 3. c4 e6 4. Nc3 Bb4 5. Bg5 0-0 6. e3 Nbd7 7. a3 Bxc3+ 8. bxc3 b6 9. cxd5 exd5 10. Bd3 Re8 11. 0-0 Nf8 12. Ne5 Qd6 13. Qf3 Bb7 14. Bxf6 Qxf6 15. Qxf6 gxf6 16. Nf3 Ne6 17. Nh4 Ng5 18. Nf5 Ne4 19. Rfc1 Nd6 20. Nxd6 cxd6 21. Bb5 Rec8 22. a4 Kf8 23. Kf1 Ke7 24. Ke2 h6 25. Kd2 Bc6 26. Ba6 Rc7 27. c4 Kd7 28. cxd5 Bxd5 29. Rxc7+ Kxc7 30. Rc1+ Kd8 31. f3 Rb8 32. e4 Bb3 33. Bb5 a6 34. Bxa6 Bxa4 35. Bc4 Ke7 36. Bd5 Be8 37. Rc7+ Kf8 38. Rb7 Rxb7 39. Bxb7 Ke7 40. Kc3 Bd7 41. Kb4 Be8 42. d5 Kd8 43. Ba6 Bd7 44. Bb5 Bc8 45. Kc4 Ke7 46. Kd4 Bb7 47. Ke3 Kf8 48. Kf4 Kg7 49. Kg4 Kg6 50. f4 Bc8+ 51. Kf3 h5 52. e5 dxe5 53. d6 f5 54. fxe5 1-0

[Event "Warsaw-chB 67th"]
[Site "Warsaw"]
[Date "2018.11.16"]
[Round "5"]
[White "Muck, Piotr"]
[Black "Jaroszuk, Marcin"]
[Result "1-0"]
[WhiteElo "1457"]
[BlackElo "1341"]
[PlyCount "53"]
[EventDate "2018.11.12"]
[EventType "swiss"]
[EventRounds "9"]
[EventCountry "POL"]
[SourceTitle "EXT 2020"]
[Source "ChessBase"]
[SourceDate "2019.10.17"]
[SourceVersion "1"]
[SourceVersionDate "2019.10.17"]
[SourceQuality "1"]

1. d4 e6 2. Nf3 f5 3. g3 Nf6 4. Bg2 Be7 5. 0-0 0-0 6. c4 d6 7. b3 Qe8 8. Nc3 a5 9. Ba3 Na6 10. Nb5 Qd8 11. Ne1 Ne4 12. Bb2 c6 13. Nc3 Nxc3 14. Bxc3 f4 15. Nd3 fxg3 16. fxg3 Bf6 17. e4 Qb6 18. c5 dxc5 19. e5 cxd4 20. Bd2 Be7 21. Qh5 Nc5 22. Rxf8+ Bxf8 23. Rf1 g6 24. Qf3 Qd8 25. Qf7+ Kh8 26. Bg5 Be7 27. Bxe7 1-0

[Event "Warsaw-chB 67th"]
[Site "Warsaw"]
[Date "2018.11.15"]
[Round "4"]
[White "Kwiecinski, Rafal"]
[Black "Muck, Piotr"]
[Result "1-0"]
[WhiteElo "1529"]
[BlackElo "1457"]
[PlyCount "51"]
[EventDate "2018.11.12"]
[EventType "swiss"]
[EventRounds "9"]
[EventCountry "POL"]
[SourceTitle "EXT 2020"]
[Source "ChessBase"]
[SourceDate "2019.10.17"]
[SourceVersion "1"]
[SourceVersionDate "2019.10.17"]
[SourceQuality "1"]

1. e4 c5 2. Bc4 e6 3. Qe2 Nc6 4. c3 g6 5. f4 Bg7 6. Nf3 Nge7 7. d3 d5 8. Bb3 dxe4 9. dxe4 0-0 10. Be3 b6 11. Nbd2 Qc7 12. 0-0 Bb7 13. Bc2 Rad8 14. Qf2 Ba6 15. Rfe1 Bd3 16. Bb3 Na5 17. Qh4 Nxb3 18. axb3 Nc6 19. Ng5 h6 20. Ngf3 f5 21. e5 Na5 22. Qg3 Qf7 23. Bxc5 Nxb3 24. Bxf8 Nxa1 25. Bxg7 Kxg7 26. Rxa1 1-0

[Event "Warsaw-chB 67th"]
[Site "Warsaw"]
[Date "2018.11.14"]
[Round "3"]
[White "Muck, Piotr"]
[Black "Nawalaniec, Adam"]
[Result "1-0"]
[WhiteElo "1457"]
[BlackElo "1303"]
[PlyCount "119"]
[EventDate "2018.11.12"]
[EventType "swiss"]
[EventRounds "9"]
[EventCountry "POL"]
[SourceTitle "EXT 2020"]
[Source "ChessBase"]
[SourceDate "2019.10.17"]
[SourceVersion "1"]
[SourceVersionDate "2019.10.17"]
[SourceQuality "1"]

1. d4 d5 2. Nf3 Bf5 3. c4 e6 4. Nc3 Bb4 5. Bg5 f6 6. Bh4 Ne7 7. e3 Nbc6 8. Bd3 0-0 9. 0-0 Bxd3 10. Qxd3 Bxc3 11. Qxc3 Nf5 12. Bg3 Nd6 13. cxd5 Ne4 14. Qb3 exd5 15. Qxb7 Nxg3 16. hxg3 Na5 17. Qa6 Nc4 18. b3 Nd6 19. Rac1 Rf7 20. Rc2 f5 21. Ne5 Rf6 22. Rfc1 Rh6 23. Rxc7 Qe8 24. Rxa7 Rxa7 25. Qxa7 Qh5 26. Qa8+ Ne8 27. Qxd5+ Kf8 28. Qc5+ Nd6 29. Kf1 Qh1+ 30. Ke2 Qxg2 31. Nf3 Qh3 32. Qe5 Qh5 33. Rc7 Qg6 34. Qe7+ Kg8 35. Qd8+ Ne8 36. Ne5 Qa6+ 37. Kf3 Re6 38. Re7 Rxe7 39. Qxe7 Qa8+ 40. Ke2 Qxa2+ 41. Kf1 Qa1+ 42. Kg2 Qa8+ 43. Kh2 Nf6 44. Qe6+ Kh8 45. Qxf5 Qb7 46. Qe6 h6 47. Ng6+ Kh7 48. Nf8+ Kh8 49. Ng6+ Kh7 50. Ne5 Qe4 51. Qf7 Qc2 52. Kg2 Qe4+ 53. Nf3 Qd3 54. Qe6 Qc2 55. Nh4 Ne4 56. Qf5+ Kg8 57. Ng6 Qb1 58. Ne7+ Kh8 59. Qf8+ Kh7 60. Qg8# 1-0

[Event "Warsaw YMCA Summer-B 203rd"]
[Site "Warsaw"]
[Date "2018.08.09"]
[Round "10"]
[White "Muck, Piotr"]
[Black "Kwiek, Janusz"]
[Result "0-1"]
[WhiteElo "1430"]
[BlackElo "1559"]
[PlyCount "108"]
[EventDate "2018.07.03"]
[EventType "tourn"]
[EventRounds "10"]
[EventCountry "POL"]
[SourceTitle "EXT 2021"]
[Source "ChessBase"]
[SourceDate "2020.10.23"]
[SourceVersion "1"]
[SourceVersionDate "2020.10.23"]
[SourceQuality "1"]

1. d4 Nf6 2. Nf3 d5 3. c4 e6 4. Nc3 Bb4 5. e3 0-0 6. Bd3 dxc4 7. Bxc4 c5 8. a3 Bxc3+ 9. bxc3 cxd4 10. cxd4 Nc6 11. 0-0 Bd7 12. Bb2 Rc8 13. Qe2 Qa5 14. e4 Qh5 15. h3 Rc7 16. Rad1 Rfc8 17. Rfe1 Ne7 18. Bd3 Ng6 19. Bb1 a6 20. d5 e5 21. Nxe5 Ba4 22. Qxh5 Nxh5 23. d6 Rc5 24. Nxg6 hxg6 25. Rc1 Nf6 26. Rxc5 Rxc5 27. Bd4 Rc4 28. Bb6 Nd7 29. Bc7 Kf8 30. e5 Nc5 31. Ba2 Rc2 32. Bd5 Rd2 33. Bf3 Ke8 34. Bg4 Nd3 35. Re4 Bb5 36. a4 Nc5 37. axb5 Nxe4 38. d7+ Rxd7 39. Bxd7+ Kxd7 40. bxa6 bxa6 41. Ba5 Kc6 42. Bb4 Nc5 43. g4 Kb5 44. Ba3 a5 45. f4 Nd3 46. e6 fxe6 47. Bf8 Nxf4 48. Bxg7 Nxh3+ 49. Kg2 Ng5 50. Kg3 Nf7 51. Kf4 e5+ 52. Ke4 a4 53. Kd5 a3 54. Ke6 a2 0-1

[Event "Warsaw YMCA Summer-B 203rd"]
[Site "Warsaw"]
[Date "2018.07.17"]
[Round "3"]
[White "Muck, Piotr"]
[Black "Bartczak, Hanna"]
[Result "0-1"]
[WhiteElo "1430"]
[BlackElo "1383"]
[PlyCount "77"]
[EventDate "2018.07.03"]
[EventType "tourn"]
[EventRounds "10"]
[EventCountry "POL"]
[SourceTitle "EXT 2021"]
[Source "ChessBase"]
[SourceDate "2020.10.23"]
[SourceVersion "1"]
[SourceVersionDate "2020.10.23"]
[SourceQuality "1"]

1. d4 d6 2. Nf3 Nf6 3. c4 g6 4. Nc3 Bg7 5. e4 0-0 6. Be2 Nc6 7. d5 Nb8 8. 0-0 c6 9. h3 Na6 10. Be3 Bd7 11. a3 c5 12. Qd2 Nc7 13. Bh6 a6 14. Bxg7 Kxg7 15. Qc2 b5 16. Nd2 bxc4 17. Nxc4 Nb5 18. Nxb5 Bxb5 19. Rae1 Nd7 20. f4 Nb6 21. Kh1 Rb8 22. Rf2 Nxc4 23. Bxc4 Qa5 24. Rfe2 Bxc4 25. Qxc4 Rxb2 26. Re3 Rfb8 27. e5 Rb1 28. Qf1 Rxe1 29. Rxe1 Qxa3 30. exd6 exd6 31. Ra1 Qb3 32. f5 f6 33. fxg6 hxg6 34. Re1 Rf8 35. Qxa6 Qxd5 36. Re7+ Rf7 37. Re8 Rb7 38. Kh2 Rb2 39. Qc8 0-1